|
|
|
|
| LEADER |
00831nnm a2200229 i 4500 |
| 001 |
eta5291 |
| 005 |
20210317100246.0 |
| 008 |
210317suuuu hu o 0|| eng d |
| 040 |
|
|
|a SZTE Elektronikus Tananyag Archívum
|b hun
|
| 041 |
|
|
|a eng
|
| 100 |
1 |
|
|a Baczkó István
|
| 245 |
1 |
4 |
|a The application of antihypertensive and antiarrhythmic agents
|h [elektronikus dokumentum] :
|b practical simulations /
|c Baczkó István
|
| 300 |
|
|
|a 9
|
| 516 |
|
|
|a Book
|
| 650 |
|
4 |
|a Orvos- és egészségtudomány
|
| 650 |
|
4 |
|a Általános orvostudomány
|
| 650 |
|
4 |
|a Farmakológia és gyógyszerészet
|
| 695 |
|
|
|a gyógyszertan
|
| 700 |
0 |
1 |
|a Leprán István
|
| 700 |
0 |
1 |
|a Husti Zoltán
|e aut
|
| 700 |
0 |
1 |
|a Orosz Andrea
|e aut
|
| 856 |
4 |
0 |
|u https://eta.bibl.u-szeged.hu/5291/1/Antiarrhythmic_drugs_Baczko_Husti_Orosz_Farmakologia.pdf
|z Dokumentum-elérés
|